000 00578nam a2200241 a 4500
001 nice12345678
003 IN_TiNIC
005 20260116011327.0
008 050524s1951 leia grp 000 0 eng
020 _a
_c0
082 0 0 _a070.1
_bSCH
100 _aSchneider, Maarten
245 _aNetherlands Press To-Day
260 _aLeiden
_bE. J. Brill
_c1951
300 _a47p
500 _aincludes index and biblioraphy
505 2 _aBibliography
650 _aJournalism-Netherlands
700 1 _aSchneider, Maarten
902 _bSRS
942 _cBK
999 _c548
_d548